01583nam a2200361 a 4500001001000000003000900010005001700019007001000036008004100046040002200087082001800109245016400127260006500291300003700356490004300393504007300436504003300509650005900542650006100601651005900662830004300721910003700764930002400801942001200825945002700837952012300864952012300987956002101110956001801131956001801149956003901167999001501206000026395DO-SdBNP20170919135519.0000026395110316s2000 dr ad 001 0 spa d aBPMSUbspacBPMSU a338.18bD451a00aDesempeño agropecuario en la década de los noventa :bdiagnóstico y tendencias relevantes /cinvestigadores principales Juan Tomas Monegro ; Laura Fiallo0 aSanto Domingo :bOficina Nacional de Planificación,c2000. a151 p. :bil., gráf. ;c28 cm.1 aLa economía dominicana en el 2000v2 aIncluye referencias bibliograficas y notas al pie de las páginas. aBibliografía : p. 149-151. 4aPOLÍTICA AGRICOLAzREPÚBLICA DOMINICANAy1980-1990 4aDESARROLLO AGRÍCOLAzREPÚBLICA DOMINICANAy1980-1990 4aREPÚBLICA DOMINICANAxCONDICIONES RURALESy1980-1990 0aLa Economía dominicana en el 2000n2 aValidado. Control de calidad MFF 1l m h 8 f p g  2ddccBK aInventariado / 2017 VM 00102ddc40708CDaBPMETbBPMETd2015-08-26eFUNDIl0o338.18 D451apBPMSU15080486r2015-08-26te. 2w2015-08-26yBK 00102ddc40708CDaBPMETbBPMETd2015-08-26eFUNDIl0o338.18 D451apBPMSU15080487r2015-08-26te. 2w2015-08-26yBK a b c l h 2  a b c l h  a b c l h  aVMATEOb10c20150826lBPMSUh00151 c8231d8231